000
00389nam a2200145Ia 4500
008
100122s9999 xx 000 0 und d
082
_b
23007
_a
823
100
_a
शेळके उध्दव ज
245
_a
साहेब
260
_b
पुष्पक प्रकाशन
_c
1975
300
_a
488
630
_a
साहेब
730
_a
साहेब
942
_c
BOOK
999
_c
410639
_d
410636